|
|
|
|
| LEADER |
00000nab a2200000 a 4500 |
| 001 |
vtls000513701 |
| 003 |
SK-MaSNL |
| 005 |
20260305032216.0 |
| 008 |
160204c1992 xo 0 slo |
| 015 |
|
|
|a SNBRA19rr/mm-uuuuu
|
| 035 |
|
|
|a CL0513839
|
| 040 |
|
|
|a SNKBUCL
|b slo
|c SNKBUCL
|e AACR2
|
| 041 |
0 |
|
|a slo
|
| 044 |
|
|
|a xo
|c SK
|
| 080 |
|
|
|a 911.373(437.622)
|2 1981
|
| 100 |
1 |
|
|a Olas, Gejza
|4 aut
|9 514818
|
| 245 |
1 |
0 |
|a Vývoj veľkostnej štruktúry obcí Nitrianskeho okresu
|c Gejza Olas
|
| 300 |
|
|
|b Graf 1, mp. 1, tab. 4, res. angl., nem., lit. 12 zázn. v angl., češ., slov.
|
| 650 |
0 |
7 |
|a obce
|2 snkbucl
|9 2935
|
| 651 |
|
7 |
|a 5206
|2 snkbucl
|9 283253
|
| 651 |
|
7 |
|a Nitra (Slovensko : okres)
|2 snkbucl
|9 24094
|
| 655 |
|
7 |
|a články zo zborníkov
|2 snkbucl
|9 166140
|
| 773 |
0 |
|
|t Geografické štúdie 1
|d Nitra : Vysoká škola pedagogická, 1992
|g S. 36-51
|z 8085183889
|
| 850 |
|
|
|a Slovenská národná knižnica v Martine
|a MTA001
|
| 852 |
|
|
|a SNK
|b KIS3GCP
|
| 958 |
|
|
|a NB
|
| 958 |
|
|
|a RK
|
| 992 |
|
|
|a RZB
|
| 999 |
|
|
|c 3319137
|d 3321067
|